Myanmar ( Burma ) / (Record no. 6380)
[ view plain ]
| 000 -LEADER | |
|---|---|
| fixed length control field | 01259nam a22002777a 4500 |
| 001 - CONTROL NUMBER | |
| control field | 6380 |
| 003 - CONTROL NUMBER IDENTIFIER | |
| control field | FISKH |
| 005 - DATE AND TIME OF LATEST TRANSACTION | |
| control field | 20250425131832.0 |
| 008 - FIXED-LENGTH DATA ELEMENTS--GENERAL INFORMATION | |
| fixed length control field | 250425b cb ||||| |||| 00| 0 eng d |
| 020 ## - INTERNATIONAL STANDARD BOOK NUMBER | |
| International Standard Book Number | 9781742205755 |
| 040 ## - CATALOGING SOURCE | |
| Original cataloging agency | FISKH |
| Language of cataloging | eng |
| Transcribing agency | FISKH |
| Modifying agency | FISKH |
| 050 ## - LIBRARY OF CONGRESS CALL NUMBER | |
| Classification number | DS527.3 |
| 082 ## - DEWEY DECIMAL CLASSIFICATION NUMBER | |
| Classification number | 915.910453 |
| 100 ## - MAIN ENTRY--PERSONAL NAME | |
| Personal name | Richmond, Simon |
| 245 ## - TITLE STATEMENT | |
| Title | Myanmar ( Burma ) / |
| Statement of responsibility, etc. | This edition written and researched by Simon Richmond, Austin Bush , David Eimer, Mark Elliott and Nick Ray |
| 250 ## - EDITION STATEMENT | |
| Edition statement | First published , December 1979 |
| 260 ## - PUBLICATION, DISTRIBUTION, ETC. | |
| Place of publication, distribution, etc. | Fort Mill : |
| Name of publisher, distributor, etc. | Lonely Planet , |
| Date of publication, distribution, etc. | 2014. |
| 300 ## - PHYSICAL DESCRIPTION | |
| Extent | 422 pages : |
| Other physical details | color illustrations, maps ; |
| Dimensions | 20 cm . |
| 490 ## - SERIES STATEMENT | |
| Series statement | Lonely Planet |
| 520 ## - SUMMARY, ETC. | |
| Summary, etc. | Lonely Planet Myanmar (Burma) is your passport to the most relevant, up-to-date advice on what to see and skip, and what hidden discoveries await you. Be dazzled by Buddhist architecture in Yangon, explore Bagan's amazing plain of ancient temples, or hike to the floating gardens and markets of Inle Lake; all with your trusted travel companion. Get to the heart of Myanmar and begin your journey now! |
| 650 ## - SUBJECT ADDED ENTRY--TOPICAL TERM | |
| Topical term or geographic name entry element | Lonely Planet |
| Form subdivision | Non-fiction |
| 650 ## - SUBJECT ADDED ENTRY--TOPICAL TERM | |
| Topical term or geographic name entry element | Myanmar |
| Form subdivision | Non-fiction |
| 700 ## - ADDED ENTRY--PERSONAL NAME | |
| Personal name | Nick, Ray |
| Relator term | Illustrator |
| 942 ## - ADDED ENTRY ELEMENTS (KOHA) | |
| Source of classification or shelving scheme | Dewey Decimal Classification |
| Koha item type | Books |
| Suppress in OPAC | No |
| Withdrawn status | Lost status | Source of classification or shelving scheme | Damaged status | Not for loan | Collection | Home library | Current library | Shelving location | Date acquired | Total Checkouts | Full call number | Barcode | Date last seen | Price effective from | Koha item type |
|---|---|---|---|---|---|---|---|---|---|---|---|---|---|---|---|
| Dewey Decimal Classification | Non-Fiction | Footprints International School Library Network Toul Tom Poung Campus | Footprints International School Library Network Toul Tom Poung Campus | TTP Secondary Non-Fiction Bookshelves | 04/25/2025 | BUS 915.910453 DS527.3 | 2025-1130 | 04/25/2025 | 04/25/2025 | Books |
